Statistiques concernant Quizz Grey's Anatomy Personnages

Cliquez ici pour prendre le quiz!

Statistiques générales

  • Ce quiz a été pris 815 fois
  • Le résultat moyen est 15 sur 18

Statistiques - réponses

Réponse% Correct
Meredith Grey
100%
Cristina Yang
96%
Jackson Avery
91%
Miranda Bailey
91%
Alex Karev
90%
April Kepner
90%
Lexie Grey
89%
Owen Hunt
89%
Izzie Stevens
88%
Callie Torres
86%
George O'malley
86%
Mark Sloan
85%
Richard Webber
84%
Arizona Robbins
81%
Preston Burke
74%
Addison Montgomery
73%
Teddy Altman
72%
Derek Shepherd
71%

Distribution des résultats

Percentile par nombre de réponses

% des personnes avec chaque résultat

Votre développement - résultats

Vous n’avez pas pris ce quiz